Introduction to community based nursing / (Record no. 10887)
[ view plain ]
| 000 -LEADER | |
|---|---|
| fixed length control field | 01388pam a2200301 a 4500 |
| 001 - CONTROL NUMBER | |
| control field | 2580723 |
| 005 - DATE AND TIME OF LATEST TRANSACTION | |
| control field | 19970213115939.7 |
| 008 - FIXED-LENGTH DATA ELEMENTS--GENERAL INFORMATION | |
| fixed length control field | 960806s1997 pauab b 001 0 eng c |
| 010 ## - LIBRARY OF CONGRESS CONTROL NUMBER | |
| LC control number | 96035521 |
| 020 ## - INTERNATIONAL STANDARD BOOK NUMBER | |
| International Standard Book Number | 0397552688 (alk. paper) |
| 040 ## - CATALOGING SOURCE | |
| Original cataloging agency | DNLM/DLC |
| Transcribing agency | DLC |
| Modifying agency | DLC |
| 050 00 - LIBRARY OF CONGRESS CALL NUMBER | |
| Classification number | RT98 |
| Item number | .H86 1997 |
| 060 10 - NATIONAL LIBRARY OF MEDICINE CALL NUMBER | |
| Classification number | WY 106 H946i 1997 |
| 082 00 - DEWEY DECIMAL CLASSIFICATION NUMBER | |
| Classification number | 610.7343 |
| Edition number | 20 |
| Item number | HUN |
| 100 1# - MAIN ENTRY--PERSONAL NAME | |
| Personal name | Hunt, Roberta. |
| 9 (RLIN) | 4084 |
| 245 10 - TITLE STATEMENT | |
| Title | Introduction to community based nursing / |
| Statement of responsibility, etc | Roberta Hunt, Eileen Loy Zurek. |
| 246 30 - VARYING FORM OF TITLE | |
| Title proper/short title | Community based nursing |
| 260 ## - PUBLICATION, DISTRIBUTION, ETC. (IMPRINT) | |
| Place of publication, distribution, etc | Philadelphia : |
| Name of publisher, distributor, etc | Lippincott, |
| Date of publication, distribution, etc | c1997. |
| 300 ## - PHYSICAL DESCRIPTION | |
| Extent | xiv, 384 p. : |
| Other physical details | ill., map ; |
| Dimensions | 24 cm. |
| 504 ## - BIBLIOGRAPHY, ETC. NOTE | |
| Bibliography, etc | Includes bibliographical references and index. |
| 650 #0 - SUBJECT ADDED ENTRY--TOPICAL TERM | |
| Topical term or geographic name as entry element | Community health nursing. |
| 9 (RLIN) | 4085 |
| 650 12 - SUBJECT ADDED ENTRY--TOPICAL TERM | |
| Topical term or geographic name as entry element | Community Health Nursing. |
| 9 (RLIN) | 4086 |
| 700 1# - ADDED ENTRY--PERSONAL NAME | |
| Personal name | Zurek, Eileen Loy. |
| 9 (RLIN) | 4087 |
| 942 ## - ADDED ENTRY ELEMENTS (KOHA) | |
| Source of classification or shelving scheme | Dewey Decimal Classification |
| Item type | Book - Borrowing |
| Withdrawn status | Item status | Source of classification or shelving scheme | Damaged status | Not for loan | Vendor | Home library | Current library | Shelving location | Date acquired | Source of acquisition | Cost, normal purchase price | Serial Enumeration / chronology | Total Checkouts | Total Renewals | Full call number | Barcode | Date last seen | Date last borrowed | Koha item type |
|---|---|---|---|---|---|---|---|---|---|---|---|---|---|---|---|---|---|---|---|
| Dewey Decimal Classification | Academic Bookshop | Central Library | Central Library | First floor | 18/02/2009 | 204.00 | 328 | 25 | 117 | 610.7343 HUN | 000014720 | 15/07/2025 | 09/03/2023 | Book - Borrowing | |||||
| Dewey Decimal Classification | Academic Bookshop | Central Library | Central Library | First floor | 18/02/2009 | 204.00 | 328 | 6 | 1 | 610.7343 HUN | 000014722 | 15/07/2025 | 22/09/2013 | NB - Book (Non borrowing) |